00499nam a2200169Ia 4500008004100000020001500041050000800056050000900064100002300073245003500096245004800131260003900179300001600218650001300234650004300247650003900290170203s9999 xx 000 0 und d a8178134608 aFic bA244 aDe Castro, Doreen. 4aThe adventures of Tom Sawyer / cretold from Mark Twain by Doreen de Castro. bSunrise Publishers & Distributors. a160 pages : aFiction. aSawyer, Tom (Fictitious character) --  xSawyer, Tom (Fictitious character)